Acerte o artista (internacionais) - Statistics

Estatísticas Gerais
  • Esse quiz foi jogado 93 vezes
  • A pontuação média é 94 de 444
Estatísticas das Respostas
Música Artista % Correto
Bodak Yellow Cardi B
93%
Price Tag Jessie J
85%
Take On Me A-Ha
77%
Sin Pijama Becky G
75%
Locked Out Of Heaven Bruno Mars
75%
Love Yourself Justin Bieber
75%
Toxic Britney Spears
73%
Maps Maroon 5
73%
Irreplaceable Beyonce
71%
no tears left to cry Ariana Grande
68%
Alejandro Lady Gaga
68%
Blessings Big Sean
66%
Set Fire To The Rain Adele
64%
Paradise Coldplay
64%
Nikita Elton John
64%
Disturbia Rihanna
64%
Hips Don't Lie Shakira
64%
Cheap Thrills Sia
64%
Highway To Hell AC/DC
62%
Cool For The Summer Demi Lovato
62%
Kiss From A Rose Seal
60%
Mirrors Justin Timberlake
59%
22 Taylor Swift
59%
Part of Me Katy Perry
58%
Raise Your Glass Pink
58%
New Rules Dua Lipa
56%
Lose Yourself Eminem
56%
Material Girl Madonna
56%
Man In The Mirror Michael Jackson
56%
Party In The USA Miley Cyrus
56%
Radioactive Imagine Dragons
55%
Smile Lily Allen
55%
Livin' On A Prayer Bon Jovi
53%
Galway Girl Ed Sheeran
53%
In Da Club 50 Cent
52%
Rehab Amy Winehouse
52%
Wake Me Up Avicii
52%
Summertime Sadness Lana Del Rey
52%
Smells Like Teen Spirit Nirvana
52%
Don't Stop Me Now Queen
52%
Help The Beatles
52%
All About It Hoodie Allen
51%
Tik Tok Kesha
51%
Obsessed Mariah Carey
51%
Habits Tove Lo
51%
Titanium David Guetta
49%
Gangnam Style Psy
49%
There's Nothing Holding Me Back Shawn Mendes
49%
Welcome To The Jungle Guns n' Roses
48%
Come & Get It Selena Gomez
48%
Crying In The Club Camila Cabello
47%
Super Bass Nicki Minaj
47%
Timber Pitbull
47%
Genie In A Bottle Christina Aguilera
45%
Bring Me To Life Evanescence
45%
Gold Digger Kanye West
45%
Complicated Avril Lavigne
44%
Airplanes B.O.B.
44%
Feel So Close Calvin Harris
44%
In My Feelings Drake
44%
Enter Sandman Metallica
42%
Wonderwall Oasis
42%
Happy Pharrell
42%
Another Brick in The Wall Pink Floyd
42%
I'm Not The Only One Sam Smith
42%
Holding Back The Years Simply Red
42%
The Hills The Weeknd
42%
Stressed Out Twenty One Pilots
42%
With Or Without You U2
41%
I Will Always Love You Whitney Houston
41%
On The Floor Jennifer Lopez
40%
How Deep Is Your Love Bee Gees
38%
Hotel California Eagles
38%
All Of Me John Legend
38%
Bad Things Machine Gun Kelly
38%
Wannabe Spice Girls
38%
Every Breath You Take The Police
38%
(I Can't Get No) Satisfaction The Rolling Stones
38%
I Don't Wanna Live Forever Zayn
38%
If I Ain't Got You Alicia Keys
37%
Pompeii Bastille
37%
A Thousand Years Christina Perri
37%
Big Girls Don't Cry Fergie
37%
Despacito Luis Fonsi
37%
Faded Alan Walker
36%
Fuck You Cee-Lo Green
36%
Attention Charlie Puth
36%
Say My Name Destiny's Child
36%
Clint Eastwood Gorillaz
36%
Basket Case Green Day
36%
Without Me Halsey
36%
Fancy Iggy Azalea
36%
Humble Kendrick Lamar
36%
Ignition R Kelly
36%
City of Angels 30 Seconds To Mars
34%
I Don't Wanna Miss A Thing Aerosmith
34%
Faint Linkin Park
34%
Felices Los 4 Maluma
34%
Miss Independent Ne-yo
34%
Beautiful Girls Sean Kingston
34%
Toxicity System Of A Down
34%
Sweet But Psycho Ava Max
33%
Meet Me Halfway Black Eyed Peas
33%
Iron Man Black Sabbath
33%
Hollaback Girl Gwen Stefani
33%
Creep Radiohead
33%
Don't Matter Akon
32%
2002 Anne-Marie
32%
With You Chris Brown
32%
Bailando Enrique Iglesias
32%
Boom Clap Charli XCX
30%
Smoke On The Water Deep Purple
30%
Whistle Flo Rida
30%
Somebody That I Used To Know Gotye
30%
Take Me To Church Hozier
30%
I'm Yours Jason Mraz
30%
Stronger (What Doesn't Kill You) Kelly Clarkson
30%
Little Talks Of Monsters And Men
30%
Hey Ya Outkast
30%
Losing My Religion REM
30%
Wind Of Change Scorpions
30%
SICKO MODE Travis Scott
30%
Ice Ice Baby Vanilla Ice
30%
Scars To Your Beautiful Alessia Cara
29%
I'll Make Love To You Boyz II Men
29%
Mi Gente J Balvin
29%
Stairway To Heaven Led Zeppelin
29%
Salute Little Mix
29%
Just A Dream Nelly
29%
Photograph Nickelback
29%
Duality Slipknot
29%
Closer The Chainsmokers
29%
Meant To Be Bebe Rexha
27%
Total Eclipse Of The Heart Bonnie Tyler
27%
Cake By The Ocean DNCE
27%
Ex's And Oh's Elle King
27%
Rude Magic
27%
Final Song MO
27%
Hard Times Paramore
27%
Better Now Post Malone
27%
Don't Cha Pussycat Dolls
27%
Human Rag 'n' Bone Man
27%
Otherside Red Hot Chili Peppers
27%
Drop It Like It's Hot Snoop Dogg
27%
Glad You Came The Wanted
27%
Believe Cher
26%
Sledgehammer Fifth Harmony
26%
Best Of You Foo Fighters
26%
Bye Bye Bye NSYNC
26%
The Ballad of Mona Lisa Panic! At The Disco
26%
Temperature Sean Paul
26%
Should I Stay or Should I Go The Clash
26%
Seven Nation Army The White Stripes
26%
Strip That Down Liam Payne
25%
Sweet Home Alabama Lynyrd Skynyrd
25%
Corazón Partío Alejandro Sanz
23%
Gasolina Daddy Yankee
23%
The Final Countdown Europe
23%
Say You Won't Let Go James Arthur
23%
Don't Stop Believin' Journey
23%
7 Years Lukas Graham
23%
Feel It Still Portugal The Man
23%
All The Small Things Blink-182
22%
Heaven Bryan Adams
22%
Call Me Maybe Carly Rae Jepsen
22%
Tears In Heaven Eric Clapton
22%
Pumped Up Kicks Foster The People
22%
It Girl Jason Derulo
22%
Woman John Lennon
22%
Party Rock Anthem LMFAO
22%
Lips Are Movin Meghan Trainor
22%
Another Day In Paradise Phil Collins
22%
Kiss Me Thru The Phone Soulja Boy
22%
Linger The Cranberries
22%
Mr. Brightside The Killers
22%
Whatever You Like T.I.
22%
Scream and Shout Will.I.Am
22%
Black And Yellow Wiz Khalifa
22%
Lush Life Zara Larsson
22%
Gangsta's Paradise Coolio
21%
Wild Thoughts DJ Khaled
21%
Carry on Wayward Son Kansas
21%
Play It Again Luke Bryan
21%
Don't Speak No Doubt
21%
Cheerleader Omi
21%
Love Runs Out OneRepublic
21%
Eye Of The Tiger Survivor
21%
Hypnotize The Notorious BIG
21%
Hey, Soul Sister Train
21%
OMG Usher
21%
Riptide Vance Joy
21%
We No Speak Americano Yolanda Be Cool
21%
Like A Stone Audioslave
19%
Take My Breath Away Berlin
19%
Reggaetón Lento CNCO
19%
Time After Time Cyndi Lauper
19%
Sultans Of Swing Dire Straits
19%
Sugar, We Are Going Down Fall Out Boy
19%
Barracuda Heart
19%
Use Somebody Kings Of Leon
19%
How To Love Lil Wayne
19%
It Must Have Been Love Roxette
19%
A Thousand Miles Vanessa Carlton
19%
Changes 2Pac
18%
Song 2 Blur
18%
Panda Desiigner
18%
Lights Ellie Goulding
18%
Location Khalid
18%
Lean On Major Lazer
18%
Alone Marshmello
18%
Say It Right Nelly Furtado
18%
I Will Never Let You Down Rita Ora
18%
I Just Called To Say I Love You Stevie Wonder
18%
Wicked Game Chris Isaak
16%
Rather Be Clean Bandit
16%
Too Little, Too Late JoJo
16%
Let Her Go Passenger
16%
You're Still The One Shania Twain
16%
All The Things She Said T.A.T.u.
16%
Un-Break My Heart Toni Braxton
16%
Uptown Girl Billy Joel
15%
With Arms Wide Open Creed
15%
Sweet Dreams Eurythmics
15%
We Are Young Fun
15%
Me, Myself and I G-Eazy
15%
The Reason Hoobastank
15%
Behind Blue Eyes Limp Bizkit
15%
Macarena Los Del Rio
15%
Vivir Sin Aire Maná
15%
Perfect Simple Plan
15%
Wherever You Will Go The Calling
15%
Everybody Dies In Their Nightmares XXXTENTACION
15%
Here Without You 3 Doors Down
14%
What's Up? 4 Non Blondes
14%
Ghost Town Adam Lambert
14%
You Oughta Know Alanis Morissette
14%
Iris Goo Goo Dolls
14%
Upside Down Jack Johnson
14%
Issues Julia Michaels
14%
Bleeding Love Leona Lewis
14%
All Night Long Lionel Richie
14%
I Took A Pill In Ibiza Mike Posner
14%
La La La Naughty Boy
14%
Do It Again Pia Mia
14%
Shout Tears for Fears
14%
California Dreamin' The Mamas and The Papas
14%
I Don't Wanna Lose You Tina Turner
14%
Jump Van Halen
14%
Here I Go Again Whitesnake
14%
I'm An Albatraoz AronChupa
12%
Mine Bazzi
12%
Safe And Sound Capital Cities
12%
Enjoy The Silence Depeche Mode
12%
I Hate U I Love U Gnash
12%
Lucid Dreams Juice WRLD
12%
XO TOUR Llif3 Lil Uzi Vert
12%
1-800-273-8255 Logic
12%
Domino Dancing Pet Shop Boys
12%
Smooth Santana
12%
Forever Young Alphaville
11%
do re mi Blackbear
11%
Bubbly Colbie Caillat
11%
Do You Really Want To Hurt Me Culture Club
11%
One More Time Daft Punk
11%
September Earth, Wind and Fire
11%
Fast Car Jonas Blue
11%
No Air Jordin Sparks
11%
Firestone Kygo
11%
Need You Now Lady Antebellum
11%
La Solitudine Laura Pausini
11%
Thrift Shop Macklemore and Ryan Lewis
11%
Can't Touch This MC Hammer
11%
Never Gonna Give You Up Rick Astley
11%
Smooth Operator Sade
11%
Watch Me Silentó
11%
How To Save A Life The Fray
11%
Bitter Sweet Symphony The Verve
11%
Rack City Tyga
11%
Bank Account 21 Savage
10%
Say Something A Great Big World
10%
Two Is Better That One Boys Like Girls
10%
3005 Childish Gambino
10%
Never Ever Ciara
10%
White Flag Dido
10%
American Boy Estelle
10%
Unforgettable French Montana
10%
No Money Galantis
10%
What Is Love Haddaway
10%
1973 James Blunt
10%
Can't Get You Out Of My Head Kylie Minogue
10%
It Ain't Over Till It's Over Lenny Kravitz
10%
Mad Hatter Melanie Martinez
10%
Bad and Boujee Migos
10%
Fight Song Rachel Platten
10%
Angels Robin Williams
10%
Nothing Compares 2 U Sinéad O'Connor
10%
Bangarang Skrillex
10%
Open Your Eyes Snow Patrol
10%
Dynamite Taio Cruz
10%
APESHIT The Carters
10%
Ho Hey The Lumineers
10%
Baby Can I Hold You Tracy Chapman
10%
FEFE 6ix9ine
8%
Best Day Of My Life American Authors
8%
Love Generation Bob Sinclair
8%
Good Girl Carrie Underwood
8%
Budapest George Ezra
8%
Wonderful Ja Rule
8%
Gold Kiiara
8%
Let Me Love You Mario
8%
Animals Martin Garrix
8%
Torn Natalie Imbruglia
8%
Tom Sawyer Rush
8%
Don't You Worry Child Swedish House Mafia
8%
Your Love The Outfield
8%
Hall Of Fame The Script
8%
Billionaire Travie McCoy
8%
Wake Me Up Before You Go-Go Wham
8%
Eastside Benny Blanco
7%
Want U Back Cher Lloyd
7%
I Don't Care Cheryl
7%
Put Your Records On Corinne Bailey Rae
7%
Pour Some Sugar On Me Def Leppard
7%
Come Undone Duran Duran
7%
Stereo Love Edward Maya
7%
Breathe Faith Hill
7%
MMMBop Hanson
7%
Virtual Insanity Jamiroquai
7%
Bette Davis Eyes Kim Carnes
7%
Suddenly I See KT Tunstall
7%
Overkill Men At Work
7%
Am I Wrong Nico and Vinz
7%
Troublemaker Olly Murs
7%
Angel Shaggy
7%
All I Wanna Do Sheryl Crow
7%
Alors On Danse Stromae
7%
All That She Wants Ace Of Base
5%
Satisfaction Benny Benassi
5%
Achy Breaky Heart Billy Ray Cyrus
5%
Everytime We Touch Cascada
5%
Don't Dream It's Over Crowded House
5%
Bad Day Daniel Powter
5%
Cool Kids Echosmith
5%
Boo'd Up Ella Mai
5%
Like a G6 Far East Movement
5%
L'amour Toujours Gigi D'Agostino
5%
Crazy Gnarls Barkley
5%
Love Me Again John Newman
5%
Everybody Talks Neon Trees
5%
Blurred Lines Robin Thicke
5%
Truly Madly Deeply Savage Garden
5%
Nobody To Love Sigma
5%
Waterfalls TLC
5%
My First Kiss 3OH!3
4%
Lost In Love Air Supply
4%
I Wanna Know Alesso
4%
Boys' Round Here Blake Shelton
4%
Don't Worry Be Happy Bobby McFerrin
4%
You Make Me Feel... Cobra Starship
4%
Hide Away Daya
4%
Ocean Drive Duke Dumont
4%
A Little Respect Erasure
4%
This Is How We Do Florida Georgia Line
4%
Ass Back Home Gym Class Heroes
4%
Hanging By a Moment Lifehouse
4%
Something Bad Miranda Lambert
4%
Classic MKTO
4%
Fireflies Owl City
4%
Black Beatles Rae Sremmurd
4%
Geronimo Sheppard
4%
Kiss Me Sixpence None The Richer
4%
Back For Good Take That
4%
If I Die Young The Band Perry
4%
Unstoppable The Score
4%
Buy U A Drank T-Pain
4%
Shut Up And Dance WALK THE MOON
4%
Teenage Dirtbag Wheatus
4%
King Years and Years
4%
Because The Night 10000 Maniacs
3%
Mr. Saxo Beat Alexandra Stan
3%
Too Close Alex Clare
3%
Honey I'm Good Andy Grammer
3%
You Gotta Be Des'ree
3%
Ghost Ella Henderson
3%
Like It's Her Birthday Good Charlotte
3%
Wavin' Flag Knaan
3%
Beds Are Burning Midnight Oil
3%
Stolen Dance Milky Chance
3%
Bizarre Love Triangle New Order
3%
Vaina Loca Ozuna
3%
Don't Get Me Wrong Pretenders
3%
Right Here Waiting Richard Marx
3%
True Spandau Ballet
3%
2 On Tinashe
3%
Hey Oh Tragédie
3%
Fuckin' Problems A$AP Rocky
1%
Destination Calabria Alex Gaudino
1%
Broken Wings Alter Bridge
1%
Foolish Ashanti
1%
Take a Toke C&C Music Factory
1%
Tubthumping Chumbawamba
1%
You Spin Me Round Dead or Alive
1%
Heartbreaker Dionne Warwick
1%
White Noise Disclosure
1%
Barbra Streisand Duck Sauce
1%
Trap Queen Fetty Wap
1%
Never Be Like You Flume
1%
Tongue Tied Grouplove
1%
Tuesday ILoveMakonnen
1%
Hideaway Kiesza
1%
Come With Me Now KONGOS
1%
Get Down On It Kool and The Gang
1%
Be There Krewella
1%
Adorn Miguel
1%
Let You Down NF
1%
Tonight Is The Night Outasight
1%
Me And My Broken Heart Rixton
1%
Not Giving In Rudimental
1%
It's Tricky Run DMC
1%
Written In The Stars Tinie Tempah
1%
No Diggity Blackstreet
0%
Dream Police Cheap Trick
0%
Sex Cheat Codes
0%
Come On Eileen Dexys Midnight Runners
0%
Next To Me Emeli Sandé
0%
Youth Foxes
0%
I Like Chopin Gazebo
0%
Wanted Hunter Hayes
0%
Beautiful Girl INXS
0%
The Worst Jhene Aiko
0%
Drank In My Cup Kirko Bangz
0%
This Girl Kungs
0%
$ave Dat Money Lil Dicky
0%
When The Beat Drops Out Marlon Roudette
0%
Wicked Wonderland Martin Tungevaag
0%
I Will Wait Murford & Sons
0%
Back It Up Prince Royce
0%
Exotic Priyanka Chopra
0%
Gas Pedal Sage The Gemini
0%
Take Your Time Sam Hunt
0%
Darker Than Blood Steve Aoki
0%
All Day And All Of The Night The Kinks
0%
Disco Inferno The Trammps
0%
Get Me Some of That Thomas Rhett
0%
Nenhum quiz correspondente encontrado
Distribuição das Pontuações
Porcentagem de Pessoas com Cada Pontuação
Percentil de Números Respondidos
Sua Pontuação Histórica
Você não jogou esse quiz